000 00325nam a22001457a 4500
005 20160628092320.0
008 160628b xxu||||| |||| 00| 0 eng d
041 _aeng
082 _b10690
245 _aSecurities Markets and Product
260 _bTaxmann
_c2004
300 _a576
650 _aManagement
_9241
942 _cBK
999 _c4346
_d4345